Представление документа в формате RUSMARC

ПолеНазваниеЗначение
  Тип записи a
  Библиографический уровень a
001 Контрольный номер RU/CBS_UL/BASE/11f4a8a7c6d649b1a413e3e27c33b3f9
005 Дата корректировки 20260329154315.8
100 Данные общей обработки __
a Данные общей обработки 20260329 ||| 0rusy0189 ca
101 Язык документа 0_
a Язык текста rus
102 Страна публикации __
a Страна публикации RU
200 Заглавие и сведения об ответственности 1_
a Заглавие Удача любит рисковых
e Сведения, относящиеся к заглавию [денежное обеспечение советских лётчиков-испытателей]
f Первые сведения об ответственности А. Аникин
300 Общие примечания __
a Общие примечания 16+
461 Уровень набора _0
1 2000
a Тайны СССР
463 Уровень физической единицы _0
1 2000
a № 5
v С. 2-3 : фото
1 2101
d 2026
1 001RU/CBS_UL/BASE/97e1b5be21824fa791695bac9a8d6929
606 Тематические рубрики 0_
a Основная рубрика Лётчики-испытатели - СССР
610 Ключевые слова 0_
a Ключевые слова лётчики-испытатели
610 Ключевые слова 0_
a Ключевые слова советские лётчики-испытатели
610 Ключевые слова 0_
a Ключевые слова лётчики-испытатели советские
610 Ключевые слова 0_
a Ключевые слова испытания самолётов
610 Ключевые слова 0_
a Ключевые слова материальное благополучие советских лётчиков-испытателей
686 Индексы других классификаций __
2 Код системы rubbk
a Классификационный индекс 39.53-07
700 Автор _1
a Фамилия Аникин
b Имя (инициалы) А.
801 Источник записи _0
a Страна RU
b Организация МБУК ЦБС г. Ульяновска
c Дата составления 20260329
g Правила каталогизации RCR
801 Источник записи _1
a Страна RU
b Организация МБУК ЦБС г. Ульяновска
c Дата составления 20260329
g Правила каталогизации RCR
901 Тип документа __
t Тип документа b
w Контрольный № источника RU/CBS_UL/BASE/97e1b5be21824fa791695bac9a8d6929
909 Создатель записи __
a Создатель записи lib2